000 00462nam a2200181Ia 4500
005 20250508161742.0
008 008 250505s9999 xx 000 0 eng d
037 _aTextual
040 _aFEDL
_beng
_cFEDL
041 _aeng
_2eng
084 _aF, BLY
_qFEDL
100 _aBuyton Enid
_9771503
245 0 _aRockingdown mystery
260 _aLondon , UK
_bCollins
_c1956
300 _a256p.
942 _cTEXL
_hF, BLY
999 _c1371898
_d1371898